Protocols for High Speed Networks : Proceedings /

Memorias del foro internacional en que, de manera regular, se discuten diversos aspectos del trabajo con redes de alta velocidad: señales y control; mecanismos de nivel de utilización; TCP y redes de alta velocidad; calidad en el servicio; ingeniería del tráfico y movilidad; redes móviles de alta ve...

Popoln opis

Shranjeno v:
Bibliografske podrobnosti
Korporativna značnica: International Federation for Information Processing/IEEE International Workshop, PfHSN 2002 ( Berlín, Alemania
Drugi avtorji: Carle, Georg (edición) (edición), Zitterbart, Martina (edición) (edición)
Format: Procedimiento de la conferencia Knjiga
Jezik:angleščina
Izdano: Berlín, Alemania : Springer, 2002, c2002
Serija:(Lecture Notes in Artificial Intelligence)
(Lecture Notes in Computer Science ; 2334)
Teme:
Oznake: Označite
Brez oznak, prvi označite!

MARC

LEADER 00000nam^a2200000^a^4500
001 000146788
005 20250521000000.0
009 20260310095922.729
022 |a 3-540-43658-8 
022 |a 0302-9743 
037 |a Acervo ITESO - Biblioteca 
041 |a ING 
082 |a 621. 38212  |b IFIP 2002 
111 |a International Federation for Information Processing/IEEE International Workshop, PfHSN 2002 (  |n 7o :  |c Berlín, Alemania :  |d 2002) 
245 1 0 |a Protocols for High Speed Networks :  |b Proceedings /  |c IFIP/IEEE International Workshop, PfHSN ; ed. y pref. de G. Carle, M. Zitterbart. 
264 4 |a Berlín, Alemania :  |b Springer,  |c 2002, c2002 
300 |a X, 265 p. 
336 |a texto  |b txt  |2 rdacontenido 
337 |a sin mediación  |b n  |2 rdamedio 
338 |a volumen  |b nc  |2 rdasoporte 
440 1 |a (Lecture Notes in Artificial Intelligence) 
440 1 |a (Lecture Notes in Computer Science ;  |v 2334) 
520 |a Memorias del foro internacional en que, de manera regular, se discuten diversos aspectos del trabajo con redes de alta velocidad: señales y control; mecanismos de nivel de utilización; TCP y redes de alta velocidad; calidad en el servicio; ingeniería del tráfico y movilidad; redes móviles de alta velocidad e inalámbricas; redes pares: ¿soluciones de velocidad o reto? 
649 |a XX 
650 |a Automatización 
650 |a Calidad en el Servicio 
650 |a Control de Calidad 
650 |a Control Inteligente 
650 |a Internet 
650 |a Protocolos de Comunicación 
650 |a Redes de Computadoras 
650 |a Redes de Comunicación 
650 |a Comunicación en Red 
650 |a Comunicación Inalámbrica 
650 |a Señales y Transmisión de Señales 
650 |a Sistemas de Telecomunicación 
650 |a Telecomunicaciones 
650 |a Ingeniería Computacional 
650 |a Ingeniería Electrónica 
700 |a Carle, Georg  |e (edición) 
700 |a Zitterbart, Martina  |e (edición) 
910 |a Fondo General 
920 |a Impresos - Libros 
930 |a Colección General 
905 |a 101 
901 |a 0500076351  |b IT1  |c ACC  |u 20250521 
902 |a https://opac.biblio.iteso.mx/vufind/Record/000146788